Improving the Quality of Technology
Základné vedomosti o systéme manažérstva kvality, rôznych prefektúrach a právnych nástrojoch normy ISO 9000 a integrovaného manažérstva kvality / TQM /. Možnosti aplikácie procesov systému manažérstva kvality podľa normy STN EN ISO 9001 v organizácii, s požadovaným nástrojom kvality na zlepšenie kva...
Na minha lista:
| Autor principal: | |
|---|---|
| Outros Autores: | |
| Formato: | Capítulo de Livro |
| Idioma: | inglês russo |
| Assuntos: | |
| Tags: |
Sem tags, seja o primeiro a adicionar uma tag!
|
MARC
| LEADER | 00000naa$a2200000$$$4500 | ||
|---|---|---|---|
| 001 | 0258740 | ||
| 005 | 20240827083912.2 | ||
| 041 | 0 | |a eng | |
| 041 | 0 | |a rus | |
| 044 | |a SK | ||
| 245 | 1 | 0 | |a Improving the Quality of Technology |c Jaroslav Kultan, Peter Poljovka |
| 520 | |a Základné vedomosti o systéme manažérstva kvality, rôznych prefektúrach a právnych nástrojoch normy ISO 9000 a integrovaného manažérstva kvality / TQM /. Možnosti aplikácie procesov systému manažérstva kvality podľa normy STN EN ISO 9001 v organizácii, s požadovaným nástrojom kvality na zlepšenie kvality ponúkaných výrobkov. Možnosť vytvorenia aplikačného softvéru určeného na zlepšenie kvality vzdelávania. Základné metódy, nástroje na zlepšenie kvality vzdelávania pomocou informačných technológií. | ||
| 610 | 2 | 0 | |a technológie nové |
| 610 | 2 | 0 | |a technológie informačné |
| 610 | 2 | 0 | |a technológie komunikačné |
| 610 | 2 | 0 | |a kvalita vzdelávania |
| 610 | 2 | 0 | |a normy ISO |
| 610 | 2 | 0 | |a vzdelávanie |
| 610 | 2 | 0 | |a softvér |
| 100 | 1 | |a Kultan, Jaroslav, 1960- | |
| 700 | 1 | |a Poljovka, Peter | |